Malaysia : (Record no. 261)

000 -LEADER
fixed length control field nam a22 a 4500
003 - CONTROL NUMBER IDENTIFIER
control field AKMAL
005 - DATE AND TIME OF LATEST TRANSACTION
control field 20170428092420.0
008 - FIXED-LENGTH DATA ELEMENTS--GENERAL INFORMATION
fixed length control field 1704 s2002 my e 001 0 may d
020 ## - INTERNATIONAL STANDARD BOOK NUMBER
International Standard Book Number 9835202710 (kkt.) :
Terms of availability RM30.00
040 ## - CATALOGING SOURCE
Original cataloging agency AKMAL
082 04 - DEWEY DECIMAL CLASSIFICATION NUMBER
Classification number 959.5 KAS
Edition number 21
090 00 - LOCALLY ASSIGNED LC-TYPE CALL NUMBER (OCLC); LOCAL CALL NUMBER (RLIN)
Classification number (OCLC) (R) ; Classification number, CALL (RLIN) (NR) 959.5
Local cutter number (OCLC) ; Book number/undivided call number, CALL (RLIN) KAS
100 0# - MAIN ENTRY--PERSONAL NAME
Personal name Kassim Thukiman
9 (RLIN) 583
245 10 - TITLE STATEMENT
Title Malaysia :
Remainder of title perspektif sejarah dan politik /
Statement of responsibility, etc. Kassim Thukiman
260 ## - PUBLICATION, DISTRIBUTION, ETC.
Place of publication, distribution, etc. Skudai :
Name of publisher, distributor, etc. Penerbit Universiti Teknologi Malaysia,
Date of publication, distribution, etc. 2002
300 ## - PHYSICAL DESCRIPTION
Extent viii, 229ms. ;
Dimensions 24cm.
500 ## - GENERAL NOTE
General note Mengandungi indeks
504 ## - BIBLIOGRAPHY, ETC. NOTE
Bibliography, etc. note Bibliografi: ms. 193-221
599 ## - LOCAL NOTE
Local Note DALAM PROSES
651 #0 - SUBJECT ADDED ENTRY--GEOGRAPHIC NAME
Geographic name Malaysia
General subdivision History
9 (RLIN) 434
651 #0 - SUBJECT ADDED ENTRY--GEOGRAPHIC NAME
Geographic name Malaysia
General subdivision Politics and government
9 (RLIN) 44
942 ## - ADDED ENTRY ELEMENTS (KOHA)
Source of classification or shelving scheme
Koha item type Book
Holdings
Withdrawn status Lost status Source of classification or shelving scheme Damaged status Not for loan Collection code Home library Current library Shelving location Date acquired Inventory number Total Checkouts Full call number Barcode Date last seen Price effective from Koha item type
          NON-FICTION AKMAL Melaka AKMAL Melaka PINJAMAN 28.04.2017 900528   959.5 KAS 201700674 28.04.2017 28.04.2017 Book
          NON-FICTION AKMAL Melaka AKMAL Melaka PINJAMAN 28.04.2017 900529   959.5 KAS 201700675 28.04.2017 28.04.2017 Book
          NON-FICTION AKMAL Melaka AKMAL Melaka PINJAMAN 28.04.2017 900530   959.5 KAS 201700676 28.04.2017 28.04.2017 Book
Pusat Sumber Maklumat Dato' Haji Sarmin Md Hussin, Akademi Kastam Diraja Malaysia, Melaka
Tel: 06-2331106 | Faks: 06-2313787